Statistiques concernant Pays avec le plus de prix Nobel par continent

Cliquez ici pour prendre le quiz!

Statistiques générales

  • Ce quiz a été pris 121 fois
  • Le résultat moyen est 20 sur 24

Statistiques - réponses

HintRéponse% Correct
L'Europe69France
99%
Afrique10Afrique du Sud
98%
Amérique du Nord375Etats-Unis
98%
L'Europe108Allemagne
97%
Océanie12Australie
97%
Asie5Chine
97%
Asie27Japon
96%
L'Europe129Royaume-Uni
96%
Amérique du sud5Argentine
95%
Amérique du Nord26Canada
95%
Amérique du Nord3Mexique
94%
Afrique4Égypte
93%
Océanie3Nouvelle-Zélande
93%
Amérique du sud2Chili
92%
L'Europe25Russie
92%
Asie10Inde
91%
L'Europe32Suède
88%
Amérique du sud2Colombie
82%
Afrique2Algérie
80%
Amérique du Nord2Guatemala
60%
Asie6Taïwan
48%
Asie12Israël
45%
Amérique du Nord2Sainte-Lucie
17%
Afrique2Liberia
7%

Distribution des résultats

Percentile par nombre de réponses

% des personnes avec chaque résultat

Votre développement - résultats

Vous n’avez pas pris ce quiz